[Event "IND-ch U11 Girls 30th"]
[Site "India"]
[Date "2016.07.01"]
[Round "6"]
[White "Panda, Miracle"]
[Black "Annyatoma, Das"]
[Result "1-0"]
[WhiteElo "1163"]
[BlackElo "1147"]
[PlyCount "73"]
[EventDate "2016.06.28"]
[EventType "swiss"]
[EventRounds "11"]
[EventCountry "IND"]
[SourceTitle "CBM 173 Extra"]
[Source "ChessBase"]
[SourceDate "2016.08.29"]
[SourceVersion "1"]
[SourceVersionDate "2016.08.29"]
[SourceQuality "1"]

1. e4 e5 2. Nf3 Nc6 3. d4 exd4 4. Bc4 Nf6 5. e5 d5 6. Bb5 Ne4 7. Nxd4 Bd7 8. Bxc6 Bxc6 9. Nxc6 bxc6 10. Nd2 Ng5 11. Nb3 Ne6 12. 0-0 Be7 13. f4 0-0 14. f5 Nc5 15. Qg4 Nxb3 16. axb3 Kh8 17. Rf3 Bc5+ 18. Kh1 Qe7 19. Bf4 f6 20. e6 g5 21. fxg6 Rg8 22. Rh3 Rxg6 23. Qxg6 Rg8 24. Qf5 Bf2 25. Bh6 Bd4 26. Ra4 c5 27. c3 c4 28. cxd4 cxb3 29. Ra3 a5 30. Raxb3 a4 31. Rbg3 a3 32. bxa3 Rb8 33. Bg7+ Qxg7 34. Rxg7 Kxg7 35. Rxh7+ Kf8 36. Qxf6+ Kg8 37. Qf7# 1-0